[Event "Kesan op"]
[Site "Kesan"]
[Date "2023.08.04"]
[Round "7"]
[White "Cakir, Huseyin"]
[Black "Citil, Feyzullah"]
[Result "0-1"]
[WhiteElo "1399"]
[BlackElo "1663"]
[PlyCount "66"]
[EventDate "2023.08.01"]
[EventType "swiss"]
[EventRounds "9"]
[EventCountry "TUR"]
[SourceTitle "CBM 215 Extra"]
[Source "ChessBase"]
[SourceDate "2023.09.30"]
[SourceVersion "1"]
[SourceVersionDate "2023.09.30"]
[SourceQuality "1"]

1. e4 c5 2. Nf3 d6 3. d4 cxd4 4. Nxd4 Nf6 5. Nc3 a6 6. Rg1 e5 7. Nb3 Be6 8. g4 d5 9. g5 Nxe4 10. Nxe4 dxe4 11. Qxd8+ Kxd8 12. Be3 Nd7 13. 0-0-0 Kc7 14. Bg2 h6 15. h4 hxg5 16. hxg5 f5 17. gxf6 gxf6 18. Bxe4 f5 19. Bd5 Re8 20. Rg6 Bxd5 21. Rxd5 f4 22. Bc5 Rh1+ 23. Kd2 e4 24. Bxf8 e3+ 25. fxe3 fxe3+ 26. Ke2 Rh2+ 27. Ke1 Nxf8 28. Rg7+ Kb8 29. Rdg5 Rxc2 30. Rf7 Rxb2 31. Rg8 e2 32. Nd2 Rxd2 33. Kxd2 e1Q+ 0-1

[Event "Kesan op"]
[Site "Kesan"]
[Date "2023.08.03"]
[Round "5"]
[White "Karayayla, Doruk"]
[Black "Citil, Feyzullah"]
[Result "1-0"]
[WhiteElo "1263"]
[BlackElo "1663"]
[PlyCount "33"]
[EventDate "2023.08.01"]
[EventType "swiss"]
[EventRounds "9"]
[EventCountry "TUR"]
[SourceTitle "CBM 215 Extra"]
[Source "ChessBase"]
[SourceDate "2023.09.30"]
[SourceVersion "1"]
[SourceVersionDate "2023.09.30"]
[SourceQuality "1"]

1. e4 d5 2. exd5 Nf6 3. d4 Nxd5 4. c4 Nf6 5. Nc3 c6 6. Be3 Bf5 7. g3 e6 8. Bg2 Bd6 9. Nf3 0-0 10. 0-0 Na6 11. a3 Nc7 12. Qb3 Rb8 13. Rad1 Bg4 14. Rd2 Qc8 15. Bg5 Be7 16. Ne5 Bf5 17. Rc1 1-0

[Event "TUR Cup"]
[Site "Denizli"]
[Date "2023.07.17"]
[Round "3"]
[White "Citil, Feyzullah"]
[Black "Kilic, Ihsan"]
[Result "1-0"]
[WhiteElo "1582"]
[BlackElo "1955"]
[PlyCount "57"]
[EventDate "2023.07.16"]
[EventType "team-tourn"]
[EventRounds "9"]
[EventCountry "TUR"]
[SourceTitle "CBM 215 Extra"]
[Source "ChessBase"]
[SourceDate "2023.09.30"]
[SourceVersion "1"]
[SourceVersionDate "2023.09.30"]
[SourceQuality "1"]

1. e4 c5 2. Nc3 Nc6 3. f4 e6 4. Nf3 d5 5. Bb5 Nge7 6. e5 Bd7 7. Be2 d4 8. Ne4 Nd5 9. d3 Be7 10. 0-0 h6 11. Qe1 0-0 12. Qg3 Kh8 13. a3 b5 14. Kh1 a5 15. Qh3 f5 16. exf6 Nxf6 17. Ne5 Nxe5 18. fxe5 Nxe4 19. Bxh6 Kg8 20. dxe4 gxh6 21. Qxh6 Be8 22. Rf3 Rxf3 23. gxf3 Kf7 24. Qh7+ Kf8 25. Rg1 Bg5 26. f4 Bf7 27. Rxg5 Qe8 28. Bh5 Ra7 29. Rg7 1-0

[Event "TUR Cup"]
[Site "Antalya"]
[Date "2020.01.30"]
[Round "7"]
[White "Isikli, Murat Sedat"]
[Black "Citil, Feyzullah"]
[Result "0-1"]
[WhiteElo "1400"]
[BlackElo "1636"]
[PlyCount "36"]
[EventDate "2020.01.26"]
[EventType "swiss"]
[EventRounds "11"]
[EventCountry "TUR"]
[SourceTitle "CBM 194 Extra"]
[Source "ChessBase"]
[SourceDate "2020.03.31"]
[SourceVersion "1"]
[SourceVersionDate "2020.03.31"]
[SourceQuality "1"]

1. e4 d5 2. exd5 Nf6 3. Bc4 Nxd5 4. d4 c6 5. Nf3 Bg4 6. 0-0 e6 7. Be3 Bd6 8. Nbd2 f5 9. Nb3 Nd7 10. Be2 Qc7 11. h3 h5 12. Ng5 0-0-0 13. Nxe6 Bh2+ 14. Kh1 Nxe3 15. fxe3 Qg3 16. Nxd8 Bxh3 17. gxh3 Qxh3 18. Rf3 Bg3+ 0-1